00415nam a22001337a 4500008004100000040005500041080002000096245003500116260005700151365001600208650001600224653001600240700002500256230602b |||||||| |||| 00| 0 eng d aNational Science LibrarycNational Science Library aR 31:631.8 bN1 aFertiliser statistics 1990-91  aNew Delhi: bFertiliser Association of India, c1991 b100.00cINR aStatistics  aFertiliser  aSundaram, K P (Ed.)